Where 2022-2023 Players Play Before Joining Aston Villa - Statistics

General Stats
  • This quiz has been taken 29 times
  • The average score is 18 of 31
Answer Stats
Player Nationality Position Year Joined Answer % Correct
Emiliano Martinez Argentina GK 2020 Arsenal
92%
Philippe Coutinho Brazil MF 2022 Barcelona
88%
Leon Bailey Jamaica FW 2021 Bayer Leverkusen
85%
Lucas Digne France DF 2022 Everton
85%
Calum Chambers England DF 2022 Arsenal
81%
Ashley Young England DF 2021 Inter Milan
77%
Emiliano Buendía Argentina MF 2021 Norwich City
77%
Leander Dendoncker Belgium MF 2022 Wolverhampton Wanderers
77%
Ollie Watkins England FW 2020 Brentford
73%
Diego Carlos Brazil DF 2022 Sevilla
69%
Tyrone Mings England DF 2019 AFC Bournemouth
65%
Jacob Ramsey England MF 2019 Aston Villa(Academy)
65%
Matty Cash Poland DF 2020 Nottingham Forest
65%
Robin Olsen Sweden GK 2022 AS Roma
62%
Jaden Philogene England FW 2021 Aston Villa(Academy)
62%
Cameron Archer England FW 2019 Aston Villa(Academy)
62%
Ezri Konsa England DF 2019 Brentford
58%
Douglas Luiz Brazil MF 2019 Manchester City
58%
Boubacar Kamara France MF 2022 Marseille
58%
Tim Iroegbunam England MF 2022 Aston Villa(Academy)
54%
Keinan Davis England FW 2017 Aston Villa(Academy)
54%
Álex Moreno Spain DF 2023 Real Betis
54%
John McGinn Scotland MF 2018 Hibernian F.C.
50%
Morgan Sanson France MF 2021 Marseille
50%
Wesley Brazil FW 2019 Club Brugge
42%
Bertrand Traoré Burkina Faso FW 2020 Olympique Lyonnais
42%
Jhon Durán Colombia FW 2023 Chicago Fire FC
38%
Kortney Hause England DF 2019 Wolverhampton Wanderers
38%
Marvelous Nakamba Zimbabwe MF 2019 Club Brugge
27%
Jed Steer England GK 2013 Norwich
19%
Viljami Sinisalo Finland GK 2018 Espoo
0%
No matching quizzes found
Score Distribution
Percent of People with Each Score
Percentile by Number Answered
Your Score History
You have not taken this quiz